000 00391pab a2200157 454500
008 180718b2005 xxu||||| |||| 00| 0 eng d
100 _aThakur, Manish K.
245 _aVisions in conflicts: the village in the nationalist discourse
260 _c2005
300 _ap.25-42.
362 _aSep
650 _aVillages
650 _aRural areas
773 _aSocial Change
909 _a68343
999 _c68343
_d68343